[Event "BL9596 (Women)"]
[Site "Germany"]
[Date "1996.??.??"]
[Round "?"]
[White "Koglin, Anke"]
[Black "Elschner, Annegret"]
[Result "1-0"]
[WhiteElo "2235"]
[BlackElo "2145"]

1.e4 e6 2.d4 d5 3.Nc3 Nf6 4.e5 Nfd7 5.f4 c5 6.Nf3 Nc6 7.Be3 cxd4 8.Nxd4 Bc5
9.Qd2 a6 10.O-O-O Qc7 11.h4 b5 12.Rh3 Rb8 13.Rg3 g6 14.h5 Nxd4 15.Bxd4 Bxd4
16.Qxd4 Nc5 17.Nxd5 exd5 18.Rc3 Bg4 19.Rxc5 Qa5 20.e6 Rf8 21.Qe5  1-0

[Event "Oberliga Ost B9596"]
[Site "Germany"]
[Date "1996.??.??"]
[Round "?"]
[White "Foetsch, Daniel"]
[Black "Peters, Andreas"]
[Result "1/2-1/2"]
[WhiteElo "2140"]
[BlackElo "2315"]

1.e4 e6 2.d4 d5 3.Nc3 Nf6 4.e5 Nfd7 5.f4 c5 6.Nf3 Nc6 7.Be3 a6 8.Qd2 b5 9.h4 Qb6
10.h5 cxd4 11.Nxd4 Nxd4 12.Bxd4 Bc5 13.Bxc5  1/2-1/2

[Event "Landesliga S9596 Bayern"]
[Site "Germany"]
[Date "1996.??.??"]
[Round "?"]
[White "Salvermoser, Bernd"]
[Black "Nurbekoglu, Michael"]
[Result "1-0"]
[WhiteElo "2275"]
[BlackElo "2175"]

1.d4 e6 2.e4 d5 3.Nc3 Nf6 4.e5 Nfd7 5.f4 c5 6.Nf3 Nc6 7.Be3 a6 8.Qd2 b5 9.Ne2 Qb6
10.g3 a5 11.Bg2 a4 12.O-O g6 13.a3 Na5 14.Bf2 Nc4 15.Qc1 Ba6 16.b3 axb3 17.cxb3 Na5
18.dxc5 Bxc5 19.Ned4 Rc8 20.Qb1 Nc6 21.b4 Bxd4 22.Nxd4 Nxd4 23.Qd3 O-O 24.Bxd4 Qc6
25.Qe3 Bb7 26.g4 Rfe8 27.Bh3 Qc2 28.Bg2 Rc4 29.Rfc1 Qa4 30.Rxc4 bxc4 31.Bf3 Qc2
32.Rc1 Qa4 33.Bd1 Qb5 34.Rb1 c3 35.a4 Qc4 36.Qxc3 Qxc3 37.Bxc3 Rc8 38.Bd2 d4
39.Rc1 Rxc1 40.Bxc1 f6 41.exf6 Nxf6 42.b5 Nd7 43.a5 Kf7 44.Bb2 d3 45.a6 Bd5
46.Bd4 Ke7 47.Kf2 g5 48.fxg5 e5 49.Bc3 Kd6 50.h4 Kc5 51.h5 Kxb5 52.a7 Kb6
53.Bb3 Bc6 54.g6 hxg6 55.hxg6 Kxa7 56.g7  1-0

[Event "Landesliga Nord 9697 Bayern"]
[Site "Germany"]
[Date "1996.??.??"]
[Round "?"]
[White "Oberhofer, Hans"]
[Black "Meyer, Christian"]
[Result "1-0"]
[WhiteElo "1725"]
[BlackElo "1980"]

1.e4 e6 2.d4 d5 3.Nc3 Nf6 4.e5 Nfd7 5.f4 c5 6.Nf3 Nc6 7.Be3 f6 8.exf6 Nxf6
9.Bb5 cxd4 10.Nxd4 Bd7 11.O-O Bd6 12.Qd2 O-O 13.Rad1 Ng4 14.Nf3 Nxe3 15.Qxe3 Bxf4
16.Qd3 Kh8 17.Kh1 a6 18.Ba4 b5 19.Bb3 Qb6 20.Ne2 Bd6 21.Ng5 Rf5 22.Rxf5 exf5
23.Nf7+ Kg8 24.Qxd5  1-0

[Event "NRW-Liga II 9596"]
[Site "Germany"]
[Date "1996.??.??"]
[Round "?"]
[White "Buenermann, Volker"]
[Black "Becker, Ma2"]
[Result "1-0"]
[WhiteElo "2290"]
[BlackElo "2080"]

1.e4 e6 2.d4 d5 3.Nc3 Nf6 4.e5 Ne4 5.Nxe4 dxe4 6.Be3 c5 7.dxc5 Nd7 8.Qg4 Nxc5
9.Ne2 Qa5+ 10.Nc3 Nd7 11.O-O-O Bb4 12.Qxg7 Rf8 13.Nxe4 Qxa2 14.Nd6+ Kd8 15.c3 Qa1+
16.Kc2 Qa4+ 17.Kd2 Bxd6 18.exd6 b6 19.Bg5+ Ke8 20.Be7 Qf4+ 21.Kc2 Qa4+ 22.Kc1 Qa1+
23.Kc2 Qa4+ 24.Kc1 Qa1+ 25.Kd2 Qxb2+ 26.Ke3 e5 27.Bxf8 Qxc3+ 28.Bd3 Qc5+
29.Ke2 Nxf8 30.Qf6 Ng6 31.Bxg6 Ba6+ 32.Bd3 Qc2+ 33.Kf3  1-0

[Event "NRW-Liga I 9697"]
[Site "Germany"]
[Date "1996.??.??"]
[Round "3.3"]
[White "Schockenbaeumer, Dirk"]
[Black "Stillger, Bernhard"]
[Result "1/2-1/2"]
[WhiteElo "2150"]
[BlackElo "2310"]

1.e4 e6 2.d4 d5 3.Nc3 Nf6 4.e5 Nfd7 5.f4 c5 6.Nf3 Nc6 7.Be3 a6 8.Qd2 b5 9.h4 b4
10.Nd1 Qb6 11.h5 a5 12.h6 g6 13.c4 bxc3 14.bxc3 Ba6 15.Bxa6 Qxa6 16.Rb1 cxd4
17.Nxd4 Nxd4 18.Bxd4 Nc5 19.Nf2 Kd7 20.Qe2 Kc6 21.Qxa6+ Rxa6 22.Ke2 Be7 23.g4 Raa8
24.Rb2 Rhb8 25.Rhb1 Rxb2+ 26.Rxb2 Nd7 27.Kd3  1/2-1/2

[Event "Goch op"]
[Site "Goch"]
[Date "1996.??.??"]
[Round "6"]
[White "Mohaupt, Sascha"]
[Black "Thielen, Dankward"]
[Result "1/2-1/2"]
[WhiteElo "2215"]
[BlackElo "2135"]

1.e4 e6 2.d4 d5 3.Nc3 Nf6 4.e5 Nfd7 5.f4 c5 6.Nf3 Nc6 7.Be3 cxd4 8.Nxd4 Bc5
9.Qd2 O-O 10.O-O-O a6 11.Qf2 Bxd4 12.Bxd4 b5 13.Bd3 Qe7 14.Rhf1 b4 15.Ne2 a5
16.Kb1 Ba6 17.Qe3 Bxd3 18.cxd3 Rac8 19.Rc1 a4 20.Bc5 Nxc5 21.Rxc5 d4 22.Qc1 Na7
23.Rc4 b3 24.Nxd4 bxa2+ 25.Ka1 Qb7 26.Rf2 Rxc4 27.Qxc4 a3 28.Kxa2 Rc8 29.Qa4 Qd5+
30.b3 Ra8 31.Qc4 Qa5 32.Rc2 g6 33.Qc5 Qa6 34.Nc6 Qxd3 35.Nxa7 Rxa7 36.Qxa7 Qxc2+
37.Kxa3 Qxg2 38.Qb8+ Kg7 39.Qd8 Qxh2 40.Qf6+ Kg8 41.Qd8+ Kg7  1/2-1/2

[Event "Goetzis op"]
[Site "Goetzis"]
[Date "1996.??.??"]
[Round "2"]
[White "Kais, Edgar"]
[Black "Kelecevic, Nedeljko"]
[Result "0-1"]
[WhiteElo "2040"]
[BlackElo "2475"]

1.e4 e6 2.d4 d5 3.Nc3 Nf6 4.e5 Nfd7 5.Nce2 c5 6.c3 b5 7.a3 a5 8.f4 cxd4 9.Nxd4 Ba6
10.Bxb5 Bxb5 11.Nxb5 Qb6 12.Qe2 Bc5 13.Nf3 a4 14.h4 Nc6 15.Rh3 Rb8 16.Nd6+ Bxd6
17.exd6 O-O 18.Rg3 Qc5 19.Ng5 Nf6 20.Be3 Qxd6 21.O-O-O Rb3 22.Qa6 Rfb8 23.Rd2 Qc7
24.Rc2 h6 25.Nf3 Ne4 26.Rh3 R3b5 27.Nd4 Nxd4 28.cxd4 Rxb2 29.Rxc7 Rb1+ 30.Kc2 R8b2+
31.Kd3 Rd1+ 32.Bd2 Rdxd2+  0-1

[Event "Gran Canaria op"]
[Site "Gran Canaria"]
[Date "1996.??.??"]
[Round "?"]
[White "Zunker, Reinhard"]
[Black "Sarmiento, Braulio Alfonso"]
[Result "1/2-1/2"]
[WhiteElo "2195"]
[BlackElo "2330"]

1.e4 e6 2.d4 d5 3.Nc3 Nf6 4.e5 Nfd7 5.f4 c5 6.Nf3 Nc6 7.Be3 a6 8.Qd2 b5 9.dxc5 b4
10.Na4 Qa5 11.b3 Nxc5 12.Nxc5 Bxc5 13.a4 Qb6 14.Bxc5 Qxc5 15.O-O-O Bb7 16.Nd4 Nxd4
17.Qxd4 Rc8 18.Qxc5 Rxc5 19.Rd4 a5 20.Bd3 O-O 21.Re1 Ra8 22.Re3 Ba6 23.Bxa6 Rxa6
24.Kd1 h6 25.g4 Rac6 26.Rd2 Rc8 27.h4 h5 28.gxh5 Rc3 29.Rxc3 Rxc3 30.Rd3 Rxd3+
31.cxd3 Kh7 32.Ke2 Kh6 33.Kf3 Kxh5 34.Kg3 Kh6 35.Kg4 Kg6 36.d4 Kh6 37.Kf3 Kh5
38.Kg3 Kg6 39.Kg4 Kh6 40.Kf3 Kg6 41.Kg4  1/2-1/2

[Event "Graz op"]
[Site "Graz"]
[Date "1996.??.??"]
[Round "?"]
[White "Galje, Hans"]
[Black "Kaminik, Aleksandar"]
[Result "0-1"]
[WhiteElo "2065"]
[BlackElo "2255"]

1.e4 e6 2.d4 d5 3.Nc3 Nf6 4.e5 Nfd7 5.Nce2 c5 6.c3 Nc6 7.f4 Qb6 8.Nf3 f6
9.a3 a5 10.g3 Be7 11.Bh3 Nf8 12.f5 cxd4 13.cxd4 fxe5 14.dxe5 Bc5 15.Nf4 Ne7
16.Ng5 exf5 17.Nxd5 Nxd5 18.Qxd5 Ne6 19.Nf3 O-O 20.Rf1 Kh8 21.Qd3 Nd4 22.Nxd4 Bxd4
23.Bxf5 Bxf5 24.Rxf5 Rxf5 25.Qxf5 Re8 26.Kf1 Qc6  0-1

[Event "Groningen SC op"]
[Site "Groningen"]
[Date "1996.??.??"]
[Round "6"]
[White "Wiersma, Eelke"]
[Black "Visser, Yge"]
[Result "1/2-1/2"]
[WhiteElo "2285"]
[BlackElo "2380"]

1.e4 e6 2.d4 d5 3.Nc3 Nf6 4.e5 Nfd7 5.f4 c5 6.Nf3 a6 7.Be3 Qb6 8.Na4 Qc6
9.Nxc5 Nxc5 10.dxc5 Bxc5 11.Bxc5 Qxc5 12.Qd2 Bd7  1/2-1/2

[Event "Koop Tjuchem op"]
[Site "Groningen"]
[Date "1996.??.??"]
[Round "7"]
[White "Jaracz, Pawel"]
[Black "Kiriakov, Petr"]
[Result "1/2-1/2"]
[WhiteElo "2395"]
[BlackElo "2515"]

1.e4 e6 2.d4 d5 3.Nc3 Nf6 4.e5 Nfd7 5.f4 c5 6.Nf3 Nc6 7.Be3 a6 8.Qd2 b5 9.dxc5 Bxc5
10.Bxc5 Nxc5 11.Qf2 Qb6 12.Bd3 Rb8 13.O-O Nb4 14.Rfd1 Na4 15.Nxa4 bxa4 16.Rd2 Qxf2+
17.Kxf2 Ke7 18.Be2 Rb6 19.c3 Nc6 20.c4 dxc4 21.Bxc4 Na5 22.Be2 Rd8 23.Rxd8 Kxd8
24.Rd1+ Ke7 25.Rd2 h6 26.Rc2 Bd7 27.Nd4 Nc6 28.Nxc6+ Bxc6 29.Bf3  1/2-1/2

[Event "Koop Tjuchem op"]
[Site "Groningen"]
[Date "1996.??.??"]
[Round "11"]
[White "Finkel, Alexander"]
[Black "Holzke, Frank"]
[Result "0-1"]
[WhiteElo "2505"]
[BlackElo "2375"]

1.e4 e6 2.d4 d5 3.Nc3 Nf6 4.e5 Nfd7 5.Nce2 c5 6.c3 Nc6 7.f4 Qb6 8.Nf3 cxd4
9.cxd4 f6 10.g3 Bb4+ 11.Bd2 fxe5 12.fxe5 O-O 13.Bg2 Ndxe5 14.dxe5 Nxe5 15.Ned4 Nc4
16.Bc3 e5 17.Nc2 Bxc3+ 18.bxc3 Ne3 19.Nxe3 Qxe3+ 20.Kf1 Bh3  0-1

[Event "Union de Reyes"]
[Site "Havana"]
[Date "1996.??.??"]
[Round "10"]
[White "Herrera, Irisberto"]
[Black "Paneque, Pedro"]
[Result "1/2-1/2"]
[WhiteElo "2420"]
[BlackElo "2370"]

1.e4 e6 2.d4 d5 3.Nc3 Nf6 4.e5 Nfd7 5.f4 c5 6.Nf3 Nc6 7.Be3 a6 8.Qd2 b5 9.dxc5 Bxc5
10.Bxc5 Nxc5 11.Qf2 Qb6 12.Bd3 Rb8 13.O-O Nd7 14.Qxb6 Rxb6 15.Rfe1 Ke7 16.Ne2 h5
17.Nfd4 g6 18.Nxc6+ Rxc6 19.Nd4 Rc7 20.Kf2 Nc5 21.Ke3 Bd7 22.g3 b4 23.a3 Rb8
24.axb4 Rxb4 25.b3 Bb5 26.Bxb5 axb5 27.Red1 Ne4 28.Rd3 Rxd4 29.Kxd4 Rxc2
30.h4 Rg2 31.Ra8 Nxg3 32.b4 Kd7 33.Kc5 Rc2+ 34.Kxb5 Nf5 35.Ra7+ Ke8 36.Rb7 Rc8
37.Kb6 Nxh4 38.b5 g5 39.fxg5 Ng6 40.Rb3 d4 41.Ka7 Rc2 42.Rb8+  1/2-1/2

[Event "ROM-chT"]
[Site "Herculane"]
[Date "1996.??.??"]
[Round "?"]
[White "Timoshenko, Georgy"]
[Black "Itkis, Boris"]
[Result "1-0"]
[WhiteElo "2510"]
[BlackElo "2470"]

1.e4 e6 2.d4 d5 3.Nc3 Nf6 4.e5 Nfd7 5.f4 c5 6.Nf3 Nc6 7.Be3 cxd4 8.Nxd4 Qb6
9.Qd2 Qxb2 10.Rb1 Qa3 11.Bb5 Nxd4 12.Bxd4 Bb4 13.O-O a6 14.Rb3 Qa5 15.Rfb1 Ba3
16.f5 axb5 17.Rxa3 Qxa3 18.Nxb5 Qxa2 19.Nd6+ Kf8 20.Ra1 Qxa1+ 21.Bxa1 Rxa1+
22.Kf2 Ra8 23.Qg5 f6 24.Qh5 g6 25.Qh6+ Kg8 26.Ne8 Kf7 27.Qg7+ Kxe8 28.Qxh8+ Nf8
29.exf6  1-0

[Event "NLD-chT9697"]
[Site "Holland"]
[Date "1996.??.??"]
[Round "?"]
[White "Hommeles, Theo"]
[Black "Goormachtigh, Johan"]
[Result "1/2-1/2"]
[WhiteElo "2280"]
[BlackElo "2305"]

1.e4 e6 2.d4 d5 3.Nc3 Nf6 4.e5 Nfd7 5.f4 c5 6.Nf3 Nc6 7.Be3 a6 8.Qd2 b5 9.dxc5 Bxc5
10.Bxc5 Nxc5 11.Qf2 Qb6 12.Bd3 b4 13.Ne2 a5 14.O-O Ba6 15.Rac1 Ne7 16.Rfd1 O-O
17.Kh1 h6 18.Nfd4 Bxd3 19.cxd3 Na4 20.Rd2 Rac8 21.Rf1 Nc5 22.Ng3 g6 23.Nge2 Nf5
24.Nxf5 exf5 25.Qd4 Qb5 26.g3 Ne6 27.Qf2 Rc7 28.Qf3 h5 29.h3 Kg7 30.Kh2 Rfc8
31.Rf2 Rc2 32.Ng1 Rxd2 33.Rxd2 Rc1 34.Qf2 Qc5 35.Qxc5 Rxc5 36.Nf3 Kf8 37.Kg2 Rc1
38.Kf2 d4 39.Re2 Ke7 40.Re1 Rc2+ 41.Re2 Rc1 42.Re1  1/2-1/2

[Event "NLD-chT9697"]
[Site "Holland"]
[Date "1996.??.??"]
[Round "?"]
[White "Van der Vorm, Teun"]
[Black "Groffen, Hans"]
[Result "1/2-1/2"]
[WhiteElo "2405"]
[BlackElo "2145"]

1.e4 e6 2.d4 d5 3.Nc3 Nf6 4.e5 Nfd7 5.f4 c5 6.Nf3 Nc6 7.Be3 cxd4 8.Nxd4 Bc5
9.Qd2 a6 10.O-O-O O-O 11.h4 Nxd4 12.Bxd4 b5 13.Rh3 b4 14.Na4 Bxd4 15.Qxd4 Qa5
16.b3 Bb7 17.c3 bxc3 18.Rxc3 Rac8 19.Kb2 Rxc3 20.Nxc3 f6 21.exf6 Nxf6 22.g3 Rc8
23.Bh3 Rc6 24.Bg2 Qc7 25.Rd2 a5 26.Bh3 Bc8 27.g4 Rb6 28.g5 Rb4 29.Qe3 Ne4
30.Rd3 Qb8 31.Rd4 Rxd4 32.Qxd4 Qxf4 33.Nxe4 dxe4 34.Qd8+ Kf7 35.Qxc8 Qh2+
36.Ka3 Qxh3 37.Qb7+ Kg6 38.Qxe4+ Qf5 39.Qe2 e5 40.Qa6+ Kh5 41.Qxa5 Kxh4 42.b4 Qd3+
43.Ka4 e4 44.Qf5 g6 45.Qf4+ Kh3 46.b5 Qf3 47.Qxf3+ exf3 48.b6 f2 49.b7 f1=Q
50.b8=Q Qc4+ 51.Ka3 Qc1+ 52.Ka4 Qxg5 53.Qb5 Qf4+ 54.Kb3 Qf3+ 55.Kb2 Qg2+
56.Kb3 h5 57.a4 Qf3+ 58.Kb4 Qf4+ 59.Kb3 Qe3+ 60.Kb4 g5 61.a5 Qe7+ 62.Kc3 Qe1+
63.Kb2 Qd2+ 64.Kb3 Qe3+ 65.Kc2 Qf2+ 66.Kc3 Qf6+ 67.Kd2 Qf4+ 68.Kc2 Qf2+ 69.Kc3 Qe1+
70.Kb2 Qd2+ 71.Kb3 Qe3+  1/2-1/2

[Event "NLD-chT9697"]
[Site "Holland"]
[Date "1996.??.??"]
[Round "?"]
[White "Nijboer, Friso"]
[Black "Goormachtigh, Johan"]
[Result "1-0"]
[WhiteElo "2475"]
[BlackElo "2305"]

1.e4 e6 2.d4 d5 3.Nc3 Nf6 4.e5 Nfd7 5.f4 c5 6.Nf3 Nc6 7.Be3 a6 8.Qd2 b5 9.dxc5 Bxc5
10.Bxc5 Nxc5 11.Qf2 Qb6 12.Bd3 b4 13.Ne2 a5 14.O-O Ba6 15.Kh1 O-O 16.Bxh7+ Kxh7
17.Qh4+ Kg8 18.Ng5 Rfc8 19.f5 Nxe5 20.f6 gxf6 21.Rxf6 Kf8 22.Nf4 Ke8 23.Qh5 Kd7
24.Nxf7 Nxf7 25.Qxf7+ Kd6 26.Rxe6+  1-0

[Event "HUN-chT1 9596"]
[Site "HUN"]
[Date "1996.??.??"]
[Round "10"]
[White "Zila, Laszlo"]
[Black "Ortel, Endre"]
[Result "1/2-1/2"]
[WhiteElo "2195"]
[BlackElo "2345"]

1.e4 e6 2.d4 d5 3.Nc3 Nf6 4.e5 Nfd7 5.f4 c5 6.Nf3 Nc6 7.Be3 cxd4 8.Nxd4 Nxd4
9.Bxd4 Nb8 10.Qd2 Nc6 11.Bb5 Bd7 12.Bxc6 Bxc6 13.O-O g6 14.Nd1 b6 15.Ne3 h5
16.b4 Bb5 17.Rfd1 Qc7 18.c3 Ba4 19.Rf1 Be7 20.g3 Qc6  1/2-1/2

[Event "IRL-ch"]
[Site "Irland"]
[Date "1996.??.??"]
[Round "9"]
[White "Smith, Andrew Philip"]
[Black "Hurley, John"]
[Result "1/2-1/2"]
[WhiteElo "2260"]
[BlackElo "2225"]

1.e4 e6 2.d4 d5 3.Nc3 Nf6 4.e5 Nfd7 5.f4 c5 6.Nf3 Nc6 7.Be3 Qb6 8.Na4 Qa5+
9.c3 c4 10.b4 Qc7 11.Nc5 a5 12.Be2 b5 13.a3 axb4 14.axb4 Rxa1 15.Qxa1 Be7
16.O-O O-O 17.Qb1 Nxc5 18.dxc5 f6 19.Bd4 Bd7 20.Bd1 f5 21.Rf2 Ra8 22.Bc2 Qa7
23.Qc1 Qa3 24.Qe3 g6 25.Bb1 Qb3 26.Qc1 Ra1 27.Rb2 Qa3 28.Be3 Kg7 29.Ne1 Qa8
30.Qd2 Qa3 31.Qc1 Qa8 32.Qd2  1/2-1/2

[Event "ISR-chT"]
[Site "Israel"]
[Date "1996.??.??"]
[Round "7"]
[White "Minsker, Reuven"]
[Black "Kaminik, Aleksandar"]
[Result "0-1"]
[WhiteElo "2220"]
[BlackElo "2255"]

1.e4 e6 2.d4 d5 3.Nc3 Nf6 4.e5 Nfd7 5.Nce2 c5 6.c3 Nc6 7.Nf3 Be7 8.h4 Qb6
9.Rh3 cxd4 10.cxd4 f6 11.exf6 Nxf6 12.Nc3 O-O 13.Be2 e5 14.dxe5 Ng4 15.Qxd5+ Kh8
16.Ne4 Nb4 17.Qb5 Nc2+ 18.Kf1 Nxa1 19.Rg3 Bf5 20.Qxb6 axb6 21.Nd6 Bxd6 22.exd6 Rxa2
23.Nd4 h5 24.Bg5 Bd7 25.Be7 Rxf2+ 26.Kg1 Rxb2 27.Bxg4 hxg4 28.h5 Rfd2  0-1

[Event "ISR-chT"]
[Site "Israel"]
[Date "1996.??.??"]
[Round "7"]
[White "Finkel, Alexander"]
[Black "Soffer, Ram"]
[Result "1-0"]
[WhiteElo "2500"]
[BlackElo "2530"]

1.e4 e6 2.d4 d5 3.Nc3 Nf6 4.e5 Nfd7 5.Nce2 c5 6.c3 b5 7.Nf3 c4 8.h4 h6 9.Nf4 Nb6
10.Rh3 g6 11.Nh2 Be7 12.Ng4 h5 13.Nh2 Bxh4 14.g4 hxg4 15.Qxg4 Kd7 16.b3 Be7
17.a4 a5 18.Rb1 Rxh3 19.Qxh3 g5 20.Nh5 Ba6 21.Qf3 Qg8 22.bxc4 dxc4 23.Rxb5 Bxb5
24.Qb7+ Ke8 25.axb5 N8d7 26.Ng4 Qg6 27.Nhf6+ Bxf6 28.Nxf6+ Nxf6 29.exf6 Qxf6
30.Qxb6 Qf3 31.Be2 Qxc3+ 32.Bd2 Qa1+ 33.Bd1 Rc8 34.Qb7 Rd8 35.Qc6+ Kf8 36.Qc5+ Ke8
37.b6 Qxd4 38.Ba4+  1-0

[Event "ISR-ch (Women)"]
[Site "Jerusalem"]
[Date "1996.??.??"]
[Round "1"]
[White "Yudasina, Irina"]
[Black "Pitam, Ela"]
[Result "0-1"]
[WhiteElo "2205"]
[BlackElo "2255"]

1.e4 e6 2.d4 d5 3.Nc3 Nf6 4.e5 Nfd7 5.f4 c5 6.Nf3 Nc6 7.Be3 a6 8.a3 b5 9.Be2 Bb7
10.O-O Qb6 11.Na2 cxd4 12.Nxd4 Nxd4 13.Bxd4 Bc5 14.c3 O-O 15.Kh1 f6 16.Nc1 Qc7
17.Nd3 Be7 18.Bg4 f5 19.Bf3 Nc5 20.Nb4 Ne4 21.Nc2 a5 22.Bg1 Bc5 23.Nd4 Bxd4
24.Bxd4 Qe7 25.Qe1 Rfc8 26.g4 g6 27.gxf5 gxf5 28.Qe2 Kh8 29.Rg1 b4 30.axb4 axb4
31.Rxa8 Rxa8 32.cxb4 Qxb4 33.Qg2 Qe7 34.b4 Qf7 35.b5 Rg8 36.Qe2 Rxg1+ 37.Bxg1 Qc7
38.b6 Qc4 39.Qg2 d4 40.Qb2 Qd5 41.Kg2 d3 42.Qb4 Qd8 43.Be3 d2 44.Kh3 Nf2+
45.Bxf2 Bxf3 46.Bh4 Bg4+ 47.Kg2 Qd5+  0-1

[Event "ISR-ch"]
[Site "Jerusalem"]
[Date "1996.??.??"]
[Round "8"]
[White "Rotman, Daniel"]
[Black "Zalkind, Karmi"]
[Result "1-0"]
[WhiteElo "2345"]
[BlackElo "2315"]

1.e4 e6 2.d4 d5 3.Nc3 Nf6 4.e5 Nfd7 5.f4 c5 6.Nf3 Nc6 7.Be3 a6 8.Qd2 b5 9.a3 Bb7
10.Bd3 cxd4 11.Nxd4 Nb6 12.Qf2 Nc4 13.Bxc4 dxc4 14.O-O-O Nxd4 15.Rxd4 Qa5
16.Rxc4 bxc4 17.Bb6 Bc5 18.Bxc5 Qc7 19.Rd1 Rd8 20.Bd6 Qc6 21.Rd2 f5 22.Qh4 Qd7
23.Na4 Qf7 24.Nb6 c3 25.bxc3 h6 26.Rd4 Bxg2 27.Rc4 g5 28.fxg5 Qg6 29.gxh6 Qxh6+
30.Qxh6 Rxh6 31.Rc7 Rb8 32.Re7+ Kd8 33.Rd7+ Ke8 34.Bxb8 Rxh2 35.Bd6 Be4 36.Re7+ Kd8
37.Rf7 Bc6 38.Rc7  1-0

[Event "Krasnodar op"]
[Site "Krasnodar"]
[Date "1996.??.??"]
[Round "9"]
[White "Stambulin, A."]
[Black "Volkov, Sergey"]
[Result "1-0"]
[WhiteElo "2270"]
[BlackElo "2460"]

1.e4 e6 2.d4 d5 3.Nc3 Nf6 4.e5 Nfd7 5.f4 c5 6.Nf3 Qb6 7.a3 Nc6 8.dxc5 Bxc5
9.Na4 Qa5+ 10.c3 Be7 11.b4 Qc7 12.Bd3 Nb6 13.Nxb6 Qxb6 14.Qe2 Bd7 15.Be3 Qc7
16.O-O O-O 17.Rac1 Rac8 18.Rfd1 a6 19.c4 dxc4 20.Rxc4 Be8 21.Bc5 Bxc5+ 22.Rxc5 Rd8
23.Bxh7+ Kxh7 24.Ng5+ Kh6 25.Rd3 Rxd3 26.Qxd3 f5 27.exf6 Rh8 28.Nxe6 Qd7
29.Qh3+ Kg6 30.Rg5+ Kxf6 31.Qf5+ Ke7 32.Rxg7+ Kd6 33.Rxd7+ Bxd7 34.Qf6 Rc8
35.Nc5+ Kc7 36.Qg7 Nb8 37.Qe5+ Kc6 38.Qe4+  1-0

[Event "Laguna olm blind"]
[Site "Laguna"]
[Date "1996.??.??"]
[Round "4"]
[White "Enjuto Velasco, Roberto"]
[Black "Berlinsky, Vladimir"]
[Result "1/2-1/2"]
[WhiteElo "2080"]
[BlackElo "2255"]

1.e4 e6 2.d4 d5 3.Nc3 Nf6 4.e5 Nfd7 5.f4 c5 6.Nf3 Nc6 7.Be3 Qb6 8.Na4 Qa5+
9.c3 c4 10.b4 Qc7 11.Be2 b5 12.Nb2 a5 13.a3 Ne7 14.O-O Nf5 15.Bf2 h5 16.Nh4 Nxh4  1/2-1/2

[Event "Liechtenstein op"]
[Site "Liechtenstein"]
[Date "1996.??.??"]
[Round "6"]
[White "Gallagher, Joseph G"]
[Black "Thorhallsson, Throstur"]
[Result "1-0"]
[WhiteElo "2525"]
[BlackElo "2445"]

1.e4 e6 2.d4 d5 3.Nc3 Nf6 4.e5 Nfd7 5.f4 c5 6.Nf3 Qb6 7.Na4 Qa5+ 8.c3 cxd4
9.b4 Qc7 10.Nxd4 a6 11.Qd3 Be7 12.Be2 O-O 13.O-O a5 14.b5 b6 15.Qh3 Nc5 16.Nxc5 bxc5
17.Bd3 g6 18.Nf3 f5 19.exf6 Bxf6 20.Ne5 Qd6 21.Bd2 Ra7 22.Rae1 Re7 23.a4 Bb7
24.Ng4 Bg7 25.Nh6+ Bxh6 26.Qxh6 Nd7 27.Qg5 Rff7 28.Rf2 Nb6 29.h4 Nxa4 30.h5 Rg7
31.hxg6 Nb2 32.gxh7+ Kh8 33.Bg6 d4 34.Qf6 Qb8 35.Rxe6 Rxe6 36.Qxe6 Bd5 37.Qxd5 Rxg6
38.f5 Rg4 39.Rf4 Qc8 40.Qe5+ Kxh7  1-0

[Event "Anibal op 3rd"]
[Site "Linares"]
[Date "1996.??.??"]
[Round "?"]
[White "Kolev, Atanas"]
[Black "Glek, Igor V"]
[Result "0-1"]
[WhiteElo "2510"]
[BlackElo "2635"]

1.e4 e6 2.d4 d5 3.Nc3 Nf6 4.e5 Nfd7 5.f4 c5 6.Nf3 Nc6 7.Be3 a6 8.Qd2 b5 9.a3 Bb7
10.Be2 cxd4 11.Nxd4 Bc5 12.O-O Qb6 13.Rad1 Rc8 14.Bf2 O-O 15.Nxc6 Bxf2+ 16.Rxf2 Rxc6
17.Bd3 f6 18.exf6 Nxf6 19.h3 Rc7 20.Qe2 Rcf7 21.Rf1 g6 22.Kh2 Nd7 23.Rf3 Qd6
24.g3 e5 25.fxe5 Nxe5 26.Rxf7 Rxf7 27.Rxf7 Kxf7 28.Qf2+ Kg8 29.Ne2 d4 30.Ng1 Qc6
31.g4 Nxd3 32.cxd3 Qc7+  0-1

[Event "SWE-ch"]
[Site "Linkoping"]
[Date "1996.??.??"]
[Round "6"]
[White "Ernst, Thomas"]
[Black "Olsson, Krister"]
[Result "1-0"]
[WhiteElo "2410"]
[BlackElo "2350"]

1.e4 e6 2.d4 d5 3.Nc3 Nf6 4.e5 Nfd7 5.f4 c5 6.Nf3 Nc6 7.Be3 a6 8.Qd2 b5 9.Bd3 b4
10.Nd1 c4 11.Be2 c3 12.bxc3 bxc3 13.Nxc3 Bb4 14.Qd3 Nb6 15.O-O Nc4 16.Nd1 Qa5
17.Bc1 Bd7 18.c3 Ba3 19.Bxa3 Qxa3 20.Ne3 N6a5 21.f5 Nxe3 22.fxe6 Nxf1 23.exd7+ Kxd7
24.Rxf1 f6 25.Qf5+ Kc7 26.exf6 gxf6 27.Qxd5 Rhe8 28.Bd3 Nc6 29.Qf5 Qxc3 30.Qf4+ Kd7
31.Bf5+ Ke7 32.Rc1 Qb4 33.Rxc6 Kf7 34.Bg6+ hxg6 35.Qxf6+ Kg8 36.Qxg6+ Kf8
37.Qf5+ Ke7 38.Rc7+ Kd6  1-0

[Event "POR-ch"]
[Site "Lisbon"]
[Date "1996.??.??"]
[Round "6"]
[White "Ribeiro, Fernando"]
[Black "Vitor, Antonio"]
[Result "1/2-1/2"]
[WhiteElo "2285"]
[BlackElo "2285"]

1.e4 e6 2.d4 d5 3.Nc3 Nf6 4.e5 Nfd7 5.Nce2 c5 6.c3 Nc6 7.f4 Qb6 8.Nf3 Be7
9.g3 O-O 10.Bh3 cxd4 11.cxd4 Kh8 12.O-O f6 13.Kh1 Nd8 14.Nc3 Qc6 15.Be3 Nb6
16.Nd2 Qe8 17.a4 Bd7 18.a5 Nc8 19.Qb3 f5 20.Rfc1 Rg8 21.Bf1 a6 22.Nf3 h6
23.h4 Na7 24.Rc2 Nac6 25.Rh2 g6 26.Be2 Rb8 27.Bd2 Nf7 28.Na4 Na7 29.Nc3 Nc6
30.Nd1 Na7 31.Nc3 Nc6  1/2-1/2

[Event "Asia-ch Boys"]
[Site "Macau"]
[Date "1996.??.??"]
[Round "?"]
[White "Sharma, Dinesh K"]
[Black "Kostenko, Petr"]
[Result "1-0"]
[WhiteElo "2260"]
[BlackElo "2265"]

1.e4 e6 2.d4 d5 3.Nc3 Nf6 4.e5 Nfd7 5.f4 c5 6.Nf3 Nc6 7.Be3 cxd4 8.Nxd4 Qb6
9.Ncb5 a6 10.Nf5 Bc5 11.Nbd6+ Kf8 12.Qh5 Ndxe5 13.fxe5 Nxe5 14.Qg5 exf5 15.Bxc5 f6
16.Bxb6 fxg5 17.Nxc8 Rxc8 18.O-O-O Nd7 19.Bd4 Rg8 20.g3 Nc5 21.Be3  1-0

[Event "Terres Catalanes"]
[Site "Manresa"]
[Date "1996.??.??"]
[Round "3"]
[White "Vehi Bach, Victor Manuel"]
[Black "Mellado Trivino, Juan"]
[Result "1/2-1/2"]
[WhiteElo "2365"]
[BlackElo "2455"]

1.e4 e6 2.d4 d5 3.Nc3 Nf6 4.e5 Nfd7 5.f4 c5 6.Nf3 Nc6 7.Be3 Rb8 8.Qd2 Qa5
9.dxc5 Bxc5 10.Bxc5 Nxc5 11.Nb5 Qxd2+ 12.Kxd2 f6 13.Re1 fxe5 14.fxe5 Bd7
15.Bd3 Ke7 16.Nbd4 Nxd4 17.Nxd4 Rbf8 18.Rhf1 Rxf1 19.Rxf1 Be8 20.Rf3 h6 21.b4 Nd7
22.Re3 Rf8 23.Ke1 a6 24.c3  1/2-1/2

[Event "Wch U20"]
[Site "Medellin"]
[Date "1996.??.??"]
[Round "6"]
[White "Moreda, Lucas"]
[Black "Pereyra Arcija, Diego"]
[Result "1/2-1/2"]
[WhiteElo "2285"]
[BlackElo "2420"]

1.e4 e6 2.d4 d5 3.Nc3 Nf6 4.e5 Nfd7 5.f4 c5 6.Nf3 Nc6 7.Be3 a6 8.Qd2 b5 9.dxc5 Bxc5
10.Bxc5 Nxc5 11.Bd3 Qb6 12.Qf2 Rb8 13.O-O Na4 14.Nxa4 bxa4 15.Rab1 Qxf2+
16.Kxf2 Nb4 17.b3 Bd7 18.bxa4 Bxa4 19.a3 Nxd3+ 20.cxd3 Kd7 21.Nd4 Rhc8 22.Ke3 g6
23.Rfc1 Rxc1 24.Rxb8 Re1+ 25.Kf2 Ra1 26.Rb6  1/2-1/2

[Event "Wch U20"]
[Site "Medellin"]
[Date "1996.??.??"]
[Round "9"]
[White "Moreda, Lucas"]
[Black "Pcola, Pavel"]
[Result "0-1"]
[WhiteElo "2285"]
[BlackElo "2450"]

1.e4 e6 2.d4 d5 3.Nc3 Nf6 4.e5 Nfd7 5.f4 c5 6.Nf3 Nc6 7.Be3 a6 8.Qd2 b5 9.Bd3 Qb6
10.Qf2 c4 11.Be2 Ne7 12.g4 Bb7 13.f5 exf5 14.gxf5 Nxf5 15.Ng5 Nh6 16.Bh5 g6
17.Nxf7 Nxf7 18.Bg4 Nh6 19.e6 O-O-O 20.exd7+ Kb8 21.O-O Nxg4 22.Qg3+ Bd6
23.Qxg4 h5 24.Qh3 Rh7 25.Kh1 Be5 26.Ne2 Rdxd7 27.Rf8+ Rd8 28.Raf1 Rxf8 29.Rxf8+ Ka7
30.Qf3 Bd6 31.Rf6 Qd8 32.Rxg6 Bc8 33.Bf4 Bxf4 34.Qxf4 Qe8 35.Qd6 Qxe2 36.Qb6+ Ka8
37.Qc6+ Kb8 38.Qb6+ Rb7 39.Qd6+ Rc7 40.Qb6+ Bb7 41.h3 Qf1+ 42.Kh2 Qf8 43.Qe6 Qf2+
44.Rg2 Qxd4 45.Qd6 Qc5 46.Rg8+ Ka7 47.Qf4 d4 48.Rd8 d3 49.c3 Rc8 50.Rd7 Rg8
51.Rxb7+ Kxb7  0-1

[Event "Wch U16 Girls"]
[Site "Menorca"]
[Date "1996.??.??"]
[Round "8"]
[White "Kalinina, Vladislava"]
[Black "Aginian, Nelly"]
[Result "1-0"]
[WhiteElo "2125"]
[BlackElo "2075"]

1.e4 e6 2.d4 d5 3.Nc3 Nf6 4.e5 Nfd7 5.f4 c5 6.Nf3 Qb6 7.Ne2 f6 8.c3 Be7 9.g3 O-O
10.Bg2 cxd4 11.cxd4 Nc6 12.Bh3 Na5 13.O-O Kh8 14.Kh1 Nc4 15.b3 Na3 16.f5 fxe5
17.fxe6 Nf6  1-0

[Event "Wch U16 Girls"]
[Site "Menorca"]
[Date "1996.??.??"]
[Round "10"]
[White "Sorokina, Anastasia"]
[Black "Hoang Than Trang"]
[Result "0-1"]
[WhiteElo "2115"]
[BlackElo "2360"]

1.e4 e6 2.d4 d5 3.Nc3 Nf6 4.e5 Nfd7 5.f4 c5 6.Nf3 Nc6 7.Be3 cxd4 8.Nxd4 Bc5
9.Be2 O-O 10.Qd2 a6 11.O-O-O Bxd4 12.Bxd4 b5 13.Bg4 Qc7 14.h4 b4 15.Ne2 a5
16.Rh3 Ba6 17.Kb1 Rfc8 18.Bg1 Rab8 19.Nd4 Nc5 20.Bf3 Na4 21.Nb3 Qe7 22.Be2 Bc4
23.g4 f6 24.Qe3 fxe5 25.fxe5 Nb6 26.Nd2 d4 27.Qe4 Bd5 28.Qf4 Qc7 29.Bd3 Rf8
30.Qh2 a4 31.g5 Nd7 32.Nc4 b3 33.cxb3 axb3 34.a3 Ndxe5 35.Bxd4 Bxc4 36.Bxc4 Nxd4
37.Rxd4 Nxc4 38.Qe2 Nxa3+ 39.bxa3 Rf1+ 40.Rd1 Qc2+ 41.Qxc2 bxc2+ 42.Kxc2 Rc8+  0-1